00767cam a2200241 a 4500003000500000005001700005008004100022010001000063011001000073020001500083035001000098040000900108082001500117100002800132245013200160260004600292300002100338650003500359650003700394650004200431650003500473700001700508CHAP20220329142209.0000207d1999 us a r 00010 eng d a79791 a80763 a0122573056 a91217 cCHAP04a632.96bB400aBellows, Thomas S.eed.10aHandbook of biological control :bprinciples and applications of biological controlc/ed. by Thomas S. Bellows and T. W. Fisher aSan Diego, Cal. :bAcademic Press;c1999. a1046 p. :bilus.14aControl biológico de hongos.14aControl biológico de insectos.14aControl biológico de malas hierbas.14aControl biológico de plagas.0 aFisher, T.W.